Statistics for NASA Mars Missions

Click here to take the quiz!

General Stats

  • This quiz has been taken 67 times
  • The average score is 9 of 23

Answer Stats

Launch DateProbe TypeMission StatusAnswer% Correct
November 2011RoverOngoingMars Science Laboratory (Curiosity)
81%
July 2003RoverOngoingMars Exploration Rover - Opportunity
69%
June 2003RoverSuccessMars Exploration Rover - Spirit
62%
August 1975Lander/ OrbiterSuccessViking 1
62%
September 1975Lander/ OrbiterSuccessViking 2
62%
November 1964FlybySuccessMariner 4
56%
November 1964FlybyFailureMariner 3
50%
(launched on above mission)RoverSuccessSojourner
50%
December 1996LanderSuccessMars Pathfinder
48%
February 1969FlybySuccessMariner 6
42%
March 1969FlybySuccessMariner 7
42%
May 1971OrbiterFailureMariner 8
40%
May 1971OrbiterSuccessMariner 9
40%
March 2016 (delayed to May 2018)LanderDelayedInSight
33%
August 2005OrbiterOngoingMars Reconnaissance Orbiter
29%
August 2007LanderSuccessPhoenix Mars Lander
27%
December 1998OrbiterFailureMars Climate Orbiter
23%
January 1999LanderFailureMars Polar Lander
23%
April 2001OrbiterOngoing2001 Mars Odyssey
21%
November 2013OrbiterOngoingMars Atmosphere and Volatile Evolution (MAVEN)
19%
November 1996OrbiterSuccessMars Global Surveyor
15%
(launched on above mission)ImpactFailureDeep Space 2 Probes
12%
September 1992OrbiterFailureMars Observer
8%

Score Distribution

Percentile by Number Answered

Percent of People with Each Score

Your Score History

You have not taken this quiz